| 000 | 01022cab a2200301 4500 | ||
|---|---|---|---|
| 001 | ABS50296 | ||
| 008 | 090401t1994 xxu||||| |||| 00| 0 eng d | ||
| 035 | _a(Sirsi) u75139 | ||
| 041 | _aeng | ||
| 100 | _aLuba, J. | ||
| 245 | _aRecent developments in housing law | ||
| 260 | _c1994 | ||
| 350 | _a0 | ||
| 490 |
_aLegal Action _vMarch 1994, 10-15(5) |
||
| 520 | _aReviews recent developments such as legislation, the public and private sectors, harassment, security of tenure and homelessness. References to caselaw throughout. | ||
| 650 | _aCRIMINAL JUSTICE AND PUBLIC ORDER BILL | ||
| 650 | _aLANDLORD AND TENANT ACT 1987 | ||
| 650 | _aLEASEHOLD REFORM, HOUSING AND URBAN DEVELOPMENT ACT 1993 | ||
| 650 | _aRENT ACT 1977 | ||
| 650 | _aPROPERTY-RESIDENTIAL PROPERTY-RESIDENTIAL LANDLORD AND TENANT-RESIDENTIAL TENANCIES | ||
| 650 | _aRIGHT TO BUY | ||
| 650 | _aSI 1993: 2711 | ||
| 650 | _aSI 1993: 2762 | ||
| 650 | _aTENANCY AGREEMENTS | ||
| 690 | _aHOUSING | ||
| 942 | _n0 | ||
| 948 | _c04/03/1997 | ||
| 999 |
_c47338 _d47338 |
||